[Event "RUS-ch Higher League (Women) 73rd"]
[Site "Novokuznetsk"]
[Date "2023.07.05"]
[Round "9"]
[White "Ivanova, Anastasia2222"]
[Black "Sargaeva, Darima"]
[Result "1-0"]
[WhiteElo "1922"]
[BlackElo "1625"]
[PlyCount "69"]
[EventDate "2023.06.26"]
[EventType "swiss"]
[EventRounds "9"]
[EventCountry "RUS"]
[SourceTitle "EXT 2024"]
[Source "ChessBase"]
[SourceDate "2023.10.10"]
[SourceVersion "1"]
[SourceVersionDate "2023.10.10"]
[SourceQuality "1"]

1. d4 d5 2. c4 dxc4 3. Nc3 Nf6 4. e3 e6 5. Bxc4 c5 6. Nf3 a6 7. a4 cxd4 8. Nxd4 Nc6 9. Nxc6 bxc6 10. Qxd8+ Kxd8 11. 0-0 a5 12. Rd1+ Kc7 13. e4 Bd6 14. f3 Ba6 15. Bxa6 Bc5+ 16. Kf1 Rxa6 17. Bf4+ Kc8 18. e5 Nd5 19. Nxd5 exd5 20. Rac1 Be7 21. Rxd5 Rd8 22. Rxd8+ Bxd8 23. Be3 Bc7 24. f4 Kd7 25. Ke2 Ra8 26. b3 Rb8 27. Rc3 g5 28. g3 gxf4 29. gxf4 Rg8 30. Kf3 Rg6 31. Rd3+ Ke6 32. Bc5 Rh6 33. Ke4 f5+ 34. exf6 Rxh2 35. f7 1-0

[Event "RUS-ch Higher League (Women) 73rd"]
[Site "Novokuznetsk"]
[Date "2023.07.02"]
[Round "6"]
[White "Sargaeva, Darima"]
[Black "Getman, Tatyana"]
[Result "0-1"]
[WhiteElo "1625"]
[BlackElo "2255"]
[PlyCount "102"]
[EventDate "2023.06.26"]
[EventType "swiss"]
[EventRounds "9"]
[EventCountry "RUS"]
[SourceTitle "EXT 2024"]
[Source "ChessBase"]
[SourceDate "2023.10.10"]
[SourceVersion "1"]
[SourceVersionDate "2023.10.10"]
[SourceQuality "1"]

1. e4 c5 2. Nf3 d6 3. d4 cxd4 4. Nxd4 Nf6 5. Nc3 a6 6. Nb3 e5 7. Bg5 Be6 8. Qd3 Nbd7 9. 0-0-0 h6 10. Bxf6 Nxf6 11. g3 Be7 12. f4 Rc8 13. f5 Bd7 14. Be2 Qc7 15. h4 b5 16. Rd2 b4 17. Nd5 Nxd5 18. Qxd5 Bc6 19. Qc4 a5 20. Kb1 a4 21. Nc1 Qb7 22. Bf3 Bb5 23. Qd5 Qb6 24. Be2 Bd7 25. g4 0-0 26. g5 Rc5 27. Qd3 Rc3 28. Qa6 Qxa6 29. Bxa6 Re3 30. f6 gxf6 31. gxf6 Bxf6 32. Rxd6 Be6 33. Bd3 a3 34. Rb6 Be7 35. Nb3 Kh7 36. Rb7 Bd6 37. Rb6 Rd8 38. Nd2 Rg3 39. Rb7 Rdg8 40. Rc1 Rg1 41. Bf1 axb2 42. Kxb2 Bc5 43. Nb3 Bf8 44. c4 bxc3+ 45. Kxc3 Ba3 46. Re1 Rh1 47. Nd2 Rc8+ 48. Kd3 Bc1 49. Rxc1 Rxc1 50. Bg2 Rh2 51. Bf3 Ra1 0-1

[Event "RUS-ch Higher League (Women) 73rd"]
[Site "Novokuznetsk"]
[Date "2023.06.27"]
[Round "2"]
[White "Shestakova, Ekaterina"]
[Black "Sargaeva, Darima"]
[Result "1-0"]
[WhiteElo "1932"]
[BlackElo "1625"]
[PlyCount "63"]
[EventDate "2023.06.26"]
[EventType "swiss"]
[EventRounds "9"]
[EventCountry "RUS"]
[SourceTitle "EXT 2024"]
[Source "ChessBase"]
[SourceDate "2023.10.10"]
[SourceVersion "1"]
[SourceVersionDate "2023.10.10"]
[SourceQuality "1"]

1. e4 c5 2. c3 Nf6 3. e5 Nd5 4. d4 cxd4 5. Nf3 Nc6 6. cxd4 d6 7. Bc4 dxe5 8. dxe5 Ndb4 9. Qxd8+ Nxd8 10. Na3 Bg4 11. Nd4 Ndc6 12. Nxc6 Nxc6 13. Bf4 a6 14. 0-0 g5 15. Bxg5 Nxe5 16. Bd5 0-0-0 17. Be4 f6 18. Rac1+ Kb8 19. Bf4 Rd4 20. Rfe1 Bg7 21. Nc4 Bh6 22. Bxh6 Nxc4 23. f3 Bc8 24. b3 Nb6 25. Be3 Rd6 26. Bc5 Re6 27. Bd3 Nd5 28. Rxe6 Bxe6 29. Re1 Nc7 30. Bxe7 f5 31. Bd6 Rd8 32. Rxe6 1-0

[Event "Cheliabinsk Variation-B"]
[Site "Cheliabinsk"]
[Date "2022.04.01"]
[Round "1"]
[White "Yakimova, Mariya"]
[Black "Sargaeva, Darima"]
[Result "1-0"]
[WhiteElo "2198"]
[BlackElo "1826"]
[PlyCount "75"]
[EventDate "2022.04.01"]
[EventType "swiss"]
[EventRounds "9"]
[EventCountry "RUS"]
[SourceTitle "CBM 207 Extra"]
[Source "ChessBase"]
[SourceDate "2022.05.31"]
[SourceVersion "1"]
[SourceVersionDate "2022.05.31"]
[SourceQuality "1"]

1. d4 Nf6 2. Nf3 c5 3. d5 b5 4. Bg5 Ne4 5. Bh4 g6 6. Qd3 Qa5+ 7. c3 Nd6 8. e4 Bg7 9. Nbd2 b4 10. e5 Ba6 11. c4 Nf5 12. Bg5 h5 13. Nb3 Qc7 14. d6 exd6 15. exd6 Qxd6 16. 0-0-0 Qxd3 17. Bxd3 0-0 18. Be4 Nc6 19. Rxd7 Rac8 20. Bd5 Kh7 21. Kb1 Ncd4 22. Rxa7 Nxf3 23. gxf3 Bb5 24. cxb5 c4 25. Na1 c3 26. bxc3 bxc3 27. Nc2 Rc5 28. Bc6 Rc4 29. Be3 Nxe3 30. fxe3 g5 31. a4 Rd8 32. Ka2 Rd2 33. Kb3 Rc5 34. Rxf7 Kg6 35. Rd7 g4 36. fxg4 hxg4 37. a5 Rh5 38. a6 1-0

[Event "Cheliabinsk Panchenko Memorial op-B"]
[Site "Cheliabinsk"]
[Date "2020.09.14"]
[Round "8"]
[White "Sargaeva, Darima"]
[Black "Sidorova, Margarita"]
[Result "0-1"]
[WhiteElo "1582"]
[BlackElo "1682"]
[PlyCount "140"]
[EventDate "2020.09.07"]
[EventType "swiss"]
[EventRounds "9"]
[EventCountry "RUS"]
[SourceTitle "CBM 198 Extra"]
[Source "ChessBase"]
[SourceDate "2020.11.30"]
[SourceVersion "1"]
[SourceVersionDate "2020.11.30"]
[SourceQuality "1"]

1. e4 c6 2. Nf3 d5 3. Nc3 Nf6 4. e5 Ne4 5. d4 Bg4 6. h3 Bxf3 7. Qxf3 Qa5 8. Be2 e6 9. 0-0 Nxc3 10. bxc3 Be7 11. Qg3 g6 12. Bh6 Nd7 13. c4 dxc4 14. Bxc4 Nb6 15. Bb3 0-0-0 16. Qf4 Bf8 17. Bg5 Rd7 18. c4 Be7 19. Bh6 Bf8 20. Qf6 Rg8 21. Be3 Bg7 22. Qh4 h5 23. Rfd1 Qb4 24. Rac1 Rf8 25. Bg5 Re8 26. Qe4 Qf8 27. Rc3 Kb8 28. Rb1 Bh6 29. Bf6 Bg7 30. Bh4 c5 31. Rd3 cxd4 32. Rxd4 Rxd4 33. Qxd4 Rc8 34. Qf4 Bh6 35. Qf3 g5 36. Bg3 h4 37. Bh2 Qe7 38. Qf6 Bf8 39. Rc1 Nd7 40. Qf3 Nc5 41. Rd1 Rd8 42. g4 Rxd1+ 43. Bxd1 Qd7 44. Qe2 Qd4 45. Bc2 Bg7 46. Kg2 Nd7 47. Qe4 Qxe4+ 48. Bxe4 Bxe5 49. Bg1 Kc7 50. f3 b6 51. Kf1 Bd6 52. Ke2 Ne5 53. Bd3 Kc6 54. Bd4 f6 55. Bxe5 Bxe5 56. Be4+ Kc5 57. Bg6 Kxc4 58. Bf7 Kd5 59. Kd3 Bb2 60. Be8 Ke5 61. Ke3 Bd4+ 62. Ke2 Kf4 63. Bd7 Kg3 64. Bxe6 Kxh3 65. f4 Kg2 66. fxg5 fxg5 67. Bd5+ Kg1 68. Kd3 Bc5 69. Ke4 h3 70. Kf5 Be3 0-1

[Event "Cheliabinsk Panchenko Memorial op-B"]
[Site "Cheliabinsk"]
[Date "2020.09.12"]
[Round "6"]
[White "Sargaeva, Darima"]
[Black "Kovanova, Baira"]
[Result "0-1"]
[WhiteElo "1582"]
[BlackElo "2343"]
[PlyCount "66"]
[EventDate "2020.09.07"]
[EventType "swiss"]
[EventRounds "9"]
[EventCountry "RUS"]
[SourceTitle "CBM 198 Extra"]
[Source "ChessBase"]
[SourceDate "2020.11.30"]
[SourceVersion "1"]
[SourceVersionDate "2020.11.30"]
[SourceQuality "1"]

1. e4 d6 2. d4 g6 3. Nf3 Bg7 4. Nc3 a6 5. a4 Nd7 6. Be2 e6 7. 0-0 Ne7 8. Be3 0-0 9. Qd2 b6 10. Bh6 Bb7 11. Bxg7 Kxg7 12. Rad1 Qe8 13. Rfe1 Rd8 14. Bf1 Ng8 15. Qd3 Qe7 16. g3 Ngf6 17. Bg2 c5 18. Qd2 h6 19. h4 b5 20. axb5 axb5 21. d5 b4 22. Nb5 e5 23. Ra1 Nb6 24. b3 Ra8 25. Qe3 Qd7 26. Bf1 Ng4 27. Qe2 f5 28. c4 bxc3 29. Nxc3 fxe4 30. Qxe4 Nf6 31. Qc2 Nfxd5 32. Bg2 Nxc3 33. Qxc3 Qf7 0-1